| 000 | 01891nas a2200277Ia 4500 | ||
|---|---|---|---|
| 001 | R052-S5714 | ||
| 003 | IT-CnALBA | ||
| 008 | 170116c99999999xx |||||||||||| ||und|| | ||
| 040 |
_aIT-CnALBA _cIT-CnALBA |
||
| 041 | _aITALIANO | ||
| 100 | _aDI STEFANO ALFREDO | ||
| 210 | _aLITURGIA | ||
| 222 | _aLITURGIA | ||
| 245 | 0 | _aLITURGIA. APRILE 1994. N. 100. CAL. NUOVA SERIE. | |
| 250 | _a1a ed. | ||
| 260 |
_a ROMA _bCAL, CENTRO AZIONE LITURGICA _c1994 [1° Ed.:1994 - Ed.Ling.Originale: 1994] |
||
| 300 | _a64 p. | ||
| 310 | _aMENSILE | ||
| 362 | _aFascicolo: 4 / Anno: 28 (1994) | ||
| 500 | _aEDITORIALE PASQUA. XLV SETTIMANA LITURGICA NAZIONALE. TRIDUO PASQUALE. GIGLIONI P. TEMPO DI PASQUA, CATARCIO E. LA CINQUANTINA PASQUALE IN FAMIGLIA. PENNACCHIO G. RIVISITAZIONE COSTITUZIONE LITURGICA VATICANO II. BERGAMINI A. PREGHIERE NELLA CHIESA D'OGGI. PATERNOSTER M. CELEBRAZIONE EUCARISTICA PER LA FAMIGLIA. CUVA A. SINODO CHIESA DI FIRENZE E LITURGIA. GILARDI L. XXXV CONVEGNO LITURGICO PASTORALE, FRA D. ARAMINI. LA DOMENICA GIORNO DEL SIGNORE E PRINCIPE DEI GIORNI. CELEBRAZIONE NELLA GIOIA DEI GIORNO DEL SIGNORE. RECENSIONI. | ||
| 501 | _aSocietà San Paolo EM - Piazza San Paolo, 14 - 12051 ALBA (CN) (non commercial uses only) ® Copyright 2017 | ||
| 520 | _aEDITORIALE PASQUA. XLV SETTIMANA LITURGICA NAZIONALE. TRIDUO PASQUALE. GIGLIONI P. TEMPO DI PASQUA, CATARCIO E. LA CINQUANTINA PASQUALE IN FAMIGLIA. PENNACCHIO G. RIVISITAZIONE COSTITUZIONE LITURGICA VATICANO II. BERGAMINI A. PREGHIERE NELLA CHIESA D'OGGI. PATERNOSTER M. CELEBRAZIONE EUCARISTICA PER LA FAMIGLIA. CUVA A. SINODO CHIESA DI FIRENZE E LITURGIA. GILARDI L. XXXV CONVEGNO LITURGICO PASTORALE, FRA D. ARAMINI. LA DOMENICA GIORNO DEL SIGNORE E PRINCIPE DEI GIORNI. CELEBRAZIONE NELLA GIOIA DEI GIORNO DEL SIGNORE. RECENSIONI. | ||
| 650 | _aCULTO PUBBLICO LITURGIA | ||
| 942 | _cCR | ||
| 957 | _71 | ||
| 999 |
_a67821 _bNO _g1 _c333885 _d333885 |
||